00228nam a2200085Ia 4500008004100000082001300041100002000054245005100074260001700125231207s9999 xx 000 0 und d a370bRIA aPervez Hoodbhoy 0aRiyasat aur taaleem : Pakistan kay Pachas saal bMashal Books